Gaming Quiz

Random Gaming or Board Games Quiz

Board Games 10-1 Shooting Gallery Quiz Stats

 Plays Quiz not verified by Sporcle

Also try: Monopoly (U.K.)
Challenge
Share
Tweet
Embed
Score 0/55 Timer 12:00
0 Plays Today
% Correct
Butterflies in Stomach
96.6%
Funny Bone
96.5%
Broken Heart
96.4%
Adam's Apple
96.4%
Wrenched Ankle
96.1%
Spare Ribs
95.9%
Writer's Cramp
92.2%
Brain Freeze
91.6%
Top Hat
90.6%
Charley Horse
90.2%
Queen
90%
Knight
89.9%
Lead Pipe
89.8%
Bishop
89.7%
Rope
89.2%
Knife
89.2%
Rook
89.1%
J
88.8%
Thimble
88.6%
Revolver
88.5%
Candlestick
88.4%
Dog
86.4%
Bucket
85.9%
Wrench
85.9%
Lever
85.7%
Bread Basket
85.5%
Shoe
85.3%
Racecar
85%
% Correct
Crank
84.6%
Chute
82.5%
Kraken
81.5%
Taxi
81.3%
Cyber Bunny
81%
Wheelbarrow
81%
Alienoid
79.9%
Wood
79.1%
Grain
77.6%
Ore
77%
Spy
76.6%
Scout
76.4%
Gear
75.8%
Bathtub
75.2%
Colonel
74.5%
Marble
74.2%
Iron
73.7%
Marshall
70.8%
Brick
69.2%
Underground
67.1%
Miner
66.7%
Bomb
65.4%
Flag
64.5%
Boot
63.2%
Sheep
62.6%
Battleship
57.2%
Diver
41%

You're not logged in!

Compare scores with friends on all Sporcle quizzes.
Join for Free
OR
Log In

You Might Also Like...

Show Comments

Extras

Top Quizzes Today


Score Distribution

Your Account Isn't Verified!

In order to create a playlist on Sporcle, you need to verify the email address you used during registration. Go to your Sporcle Settings to finish the process.

Report this User

Report this user for behavior that violates our Community Guidelines.

Details: